书目信息 |
| 题名: |
鬼谷子全集
|
|
| 作者: | 鬼谷子 原著 ;庄东魏 , 杨广恩 注译 | |
| 分册: | ||
| 出版信息: | 成都 天地出版社 2017 |
|
| 页数: | 16,312页 | |
| 开本: | 23cm | |
| 丛书名: | ||
| 单 册: | ||
| 中图分类: | B228.02 | |
| 科图分类: | ||
| 主题词: | 纵横家 | |
| 电子资源: | ||
| ISBN: | 978-7-5455-2406-2 | |
| 000 | 01080nam0 2200265 450 | |
| 001 | 012001003608 | |
| 005 | 20140926114740.0 | |
| 010 | @a978-7-5455-2406-2@b线装@dCNY39.80 | |
| 100 | @a20170619d2017 em y0chiy50 ea | |
| 101 | 0 | @achi |
| 102 | @aCN@b510000 | |
| 105 | @ay z 000yy | |
| 106 | @ar | |
| 200 | 1 | @a鬼谷子全集@9gui gu zi quan ji@f(战国)鬼谷子原著@g庄东魏,杨广恩注译 |
| 210 | @a成都@c天地出版社@d2017 | |
| 215 | @a16,312页@d23cm | |
| 330 | @a《鬼谷子》是一部集纵橫家、兵家、道家、仙家、阴阳家等思想于一体的政治理论著作,其中所揭示的智谋权术的各类表现形式,被广泛运用于内政、外交、战争、经贸及公关等领域。本书取自道藏本,并在此基础上甄别、博采众家之长,对原文做了通俗易懂的翻译注释,逐篇进行深刻点评解析,同时精选了古今中外有代表性的案例对其加以分析、阐释。 | |
| 605 | @a《鬼谷子》@j通俗读物 | |
| 606 | 0 | @a纵横家 |
| 690 | @aB228.02@v5 | |
| 701 | 0 | @c(战国)@a鬼谷子@9gui gu zi@4原著 |
| 702 | 0 | @a庄东魏@9zhuang dong wei@4注译 |
| 702 | 0 | @a杨广恩@9yang guang en@c(历史学)@4注译 |
| 801 | 0 | @aCN@b上海新华@c20180901 |
| 905 | @b1159850-4@dB228.02@e854@f5 | |
| 鬼谷子全集/(战国)鬼谷子原著/庄东魏,杨广恩注译.-成都:天地出版社,2017 |
| 16,312页;23cm |
| ISBN 978-7-5455-2406-2(线装):CNY39.80 |
| 《鬼谷子》是一部集纵橫家、兵家、道家、仙家、阴阳家等思想于一体的政治理论著作,其中所揭示的智谋权术的各类表现形式,被广泛运用于内政、外交、战争、经贸及公关等领域。本书取自道藏本,并在此基础上甄别、博采众家之长,对原文做了通俗易懂的翻译注释,逐篇进行深刻点评解析,同时精选了古今中外有代表性的案例对其加以分析、阐释。 |
| ● |
| 相关链接 |
|
|
|
|
正题名:鬼谷子全集
索取号:B228.02/854
 
预约/预借
| 序号 | 登录号 | 条形码 | 馆藏地/架位号 | 状态 | 备注 |
| 1 | 1159850 | 211598500 | 第一样本阅览室/ [索取号:B228.02/854] | 在馆 | |
| 2 | 1159851 | 211598519 | 第一借阅区/ [索取号:B228.02/854] | 在馆 | |
| 3 | 1159852 | 211598528 | 第一借阅区/ [索取号:B228.02/854] | 在馆 | |
| 4 | 1159853 | 211598537 | 第一借阅区/ [索取号:B228.02/854] | 在馆 | |
| 5 | 1159854 | 211598546 | 第一借阅区/ [索取号:B228.02/854] | 在馆 |